000 00358 a2200121 4500
999 _c328103
_d328103
001 93030
003 NUST
005 20180120141701.0
008 180120b xxu||||| |||| 00| 0 eng d
082 _a358.411092/RAB
100 _aRabbani M.A Group Captain(Retd)
_99214
245 _aMy Years In Blue Uniform (1941-1966)
_hEnglish
260 _aDirectorate of Education Peshawer
_bPAF Book Club
_c[n.d]
300 _av,163p.
942 _aCAE NUST
_cBK
_k358.411092/RAB
_2ddc